| 000 | 00668nam a22002057a 4500 | ||
|---|---|---|---|
| 005 | 20161124155120.0 | ||
| 010 | _aENG-116639 | ||
| 020 |
_a9788184845204 _c980.00 |
||
| 035 | _aEN-100171 | ||
| 037 | _bDBAD/PUB | ||
| 082 | _a324.082095409043 | ||
| 100 | _aSanjeev Kumar | ||
| 245 |
_aWomen in the national movement / _cby Sanjeev Kumar ; foreword by Ashu Pasricha |
||
| 260 |
_aNew Delhi _bRegal Publications _c2016 |
||
| 270 |
_aF-159, Rajouri Garden _bNew Delhi _e110041 |
||
| 300 |
_aviii,215p. _c22cm(Hb) |
||
| 500 | _aIncludes bibliographical references and index | ||
| 700 | _a Pasricha, Ashu | ||
| 942 |
_2ddc _cEN _h324.082095409043 _mSAN |
||
| 999 |
_c104752 _d104752 |
||